Notion d'originalitè et son importance da ns la definition des objets d'art (La) (Record n. 81990)
[ formato base ]
| 000 -LEADER | |
|---|---|
| fixed length control field | 01071nam a2200289Ia 4500 |
| 001 - CONTROL NUMBER | |
| control field | G2439 |
| 003 - CONTROL NUMBER IDENTIFIER | |
| control field | IT-RoPAU |
| 008 - FIXED-LENGTH DATA ELEMENTS--GENERAL INFORMATION | |
| fixed length control field | 130308s9999 xx 000 0 und d |
| 040 ## - CATALOGING SOURCE | |
| Original cataloging agency | IT-RoPAU |
| 040 ## - CATALOGING SOURCE | |
| Transcribing agency | IT-RoPAU |
| 041 ## - LANGUAGE CODE | |
| Language code of text/sound track or separate title | FRANCESE |
| 100 ## - MAIN ENTRY--PERSONAL NAME | |
| Personal name | Melot Michel |
| 100 ## - MAIN ENTRY--PERSONAL NAME | |
| Miscellaneous information | Codice Aut. SPICS: 15401 |
| 245 ## - TITLE STATEMENT | |
| Title | Notion d'originalitè et son importance da ns la definition des objets d'art (La) |
| 245 ## - TITLE STATEMENT | |
| Remainder of title | Sociologie de L'Art |
| 250 ## - EDITION STATEMENT | |
| Edition statement | 2a ed. |
| 260 ## - PUBLICATION, DISTRIBUTION, ETC. (IMPRINT) | |
| Place of publication, distribution, etc. | PARIS |
| 260 ## - PUBLICATION, DISTRIBUTION, ETC. (IMPRINT) | |
| Name of publisher, distributor, etc. | L'Harmattan |
| 260 ## - PUBLICATION, DISTRIBUTION, ETC. (IMPRINT) | |
| Date of publication, distribution, etc. | 1999 [1° Ed.:1986 - Ed.Ling.Originale:1986] |
| 300 ## - PHYSICAL DESCRIPTION | |
| Extent | "12 p. (prefazione: no ; testo: 12 [pagine: 191-202])" |
| 500 ## - GENERAL NOTE | |
| General note | Nozione di Originalità e Sua importanza nella Definizione degli Oggetti d'arte . Misteriosi Poteri dell'Originalità. breve Storia della nozione di Originalità in Arte. Originalità di un Artista: Equivoco Sui Termini. Oggetto d'arte Come Simbolo Catalizzatore di un gruppo Sociale. |
| 650 ## - SUBJECT ADDED ENTRY--TOPICAL TERM | |
| Topical term or geographic name as entry element | SAGGI SULLE ARTI VISIVE |
| 650 ## - SUBJECT ADDED ENTRY--TOPICAL TERM | |
| Relator term | Codice materia Spics: 5011 |
| 942 ## - ADDED ENTRY ELEMENTS (KOHA) | |
| Koha item type | LIBRO |
| 957 ## - | |
| -- | 1 |
| 999 ## - SYSTEM CONTROL NUMBERS (KOHA) | |
| -- | 1 |
| Withdrawn status | Lost status | Damaged status | Not for loan | Home library | Current library | Date acquired | Total Checkouts | Full call number | Date last seen | Price effective from | Koha item type | Public note |
|---|---|---|---|---|---|---|---|---|---|---|---|---|
| Buone Condizioni | Not For Loan | SPICS-MEDIATECA | SPICS-MEDIATECA | 08/03/2013 | G2439 | 08/03/2013 | 08/03/2013 | LIBRO | Progressivo inserimento: 22622 / N. Volumi: 0 [=Contributo] Copie: 1 / data import: 1 marzo 2013 - By Epidotti, Trombetti, Vaglietti. |